ბათუმის შოთა რუსთაველის სახელმწიფო უნივერსიტეტის ბიბლიოთეკა

ხიდი (ბიბ.ჩანაწერი № 48778)

000 -LEADER
fixed length control field 00713nam a2200229Ia 4500
001 - CONTROL NUMBER
control field 15679
003 - CONTROL NUMBER IDENTIFIER
control field GE_BSU
008 - FIXED-LENGTH DATA ELEMENTS--GENERAL INFORMATION
fixed length control field 181216s||||||||xx |||||||||||||| ||und||
040 ## - CATALOGING SOURCE
Transcribing agency GE_BSU
080 ## - UNIVERSAL DECIMAL CLASSIFICATION NUMBER
Universal Decimal Classification number 821.353.1-2
100 ## - MAIN ENTRY--PERSONAL NAME
Personal name ჩხაიძე, ალექსანდრე
245 ## - TITLE STATEMENT
Title ხიდი
245 ## - TITLE STATEMENT
Remainder of title პიესა ორ მოქმედებად
245 ## - TITLE STATEMENT
Statement of responsibility, etc. რედ.გ.ქველაძე. მხ.ლ.ღვინჯილია
260 ## - PUBLICATION, DISTRIBUTION, ETC.
Place of publication, distribution, etc. თბილისი
260 ## - PUBLICATION, DISTRIBUTION, ETC.
Name of publisher, distributor, etc. ხელოვნება
260 ## - PUBLICATION, DISTRIBUTION, ETC.
Date of publication, distribution, etc. 1973
300 ## - PHYSICAL DESCRIPTION
Extent 119გვ. ; 19სმ
653 ## - INDEX TERM--UNCONTROLLED
Uncontrolled term პიესა ორ მოქმედებად
653 ## - INDEX TERM--UNCONTROLLED
Uncontrolled term ხიდი
942 ## - ADDED ENTRY ELEMENTS (KOHA)
Koha item type წიგნი
ეგზემპლარები
Withdrawn status Lost status Damaged status Not for loan Date acquired Barcode Date last seen Price effective from Koha item type
        2018-12-17 38634 2018-12-17 2018-12-17 წიგნი
        2018-12-17 38635 2018-12-17 2018-12-17 წიგნი